Logo BPK

Biblioteka

Politechniki Koszalińskiej

Wolfgang Amadeus Mozart : (Rekord nr 49984)

Szczegóły MARC
000 -ETYKIETA REKORDU
podpole kontrolne o stałej długości 00651nam a2200205 i 4500
001 - NUMER KONTROLNY REKORDU
pole kontrolne bgj
040 ## - ŹRÓDŁO KATALOGOWANIA
Instytucja, która utworzyła rekord BPK
041 0# - KOD JĘZYKA
Kod języka tekstu ger
044 ## - KOD KRAJU WYDAWCY/PRODUCENTA
Kod kraju wydawcy/producenta DEU
080 ## - UNIWERSALNA KLASYFIKACJA DZIESIĘTNA - UKD
UKD 7
008 - POLE O STAŁEJ DŁUGOŚCI - DANE KONTROLNE
podpole kontrolne o stałej długości s gw f |000 0 ger
100 1# - NAZWA OSOBOWA
Nazwa osobowa PETZOLDT, Richard.
245 10 - TYTUŁ/ODPOWIEDZIALNOŚĆ
Tytuł Wolfgang Amadeus Mozart :
Ciąg dalszy tytułu sein Leben in Bildern /
Pozostałe elementy strefy tytułu i oznaczenia odpowiedzialności Das Mozarbild in Musik- und Zeitgeschichte von Richard Petzoldt ; Bildbiographie von Eduard Crass.
260 ## - STREFA ADRESU WYDAWNICZEGO
Miejsce wydania Lepizig :
Nazwa wydawcy/dystrybutora VEB Bibliographisches Institut,
Data publikacji, dystrybucji/powstania dokumentu 1956.
300 ## - STREFA OPISU FIZYCZNEGO
Objętość 59, [72] s. :
Inne cechy fizyczne il. ;
Rozmiary 19 cm.
650 9# - HASŁO PRZEDMIOTOWE W FORMIE NAZWY OGÓLNEJ LUB JEDNOSTKOWEJ
Nazwa ogólna lub geograficzna Sztuka
740 1# - HASŁO DODATKOWE - TYTUŁ DOKUMENTU ZWIAZANEGO/TYTUŁ PRACY WSPÓŁWYDANEJ
Tytuł Das |Mozartbild in Musik- und Zeitgeschichte.
740 1# - HASŁO DODATKOWE - TYTUŁ DOKUMENTU ZWIAZANEGO/TYTUŁ PRACY WSPÓŁWYDANEJ
Tytuł Bildbiographie.
856 ## - LOKALIZACJA I DOSTĘP DO ELEKTRONICZNYCH DOKUMENTÓW ZDALNYCH
Link (URL) http://koha.tu.koszalin.pl/cgi-bin/koha/opac-detail.pl?biblionumber=49984
Tekst linku Katalog online BPK
942 ## - DODATKOWE ELEMENTY (KOHA)
Typ dokumentu Książka
Egzemplarze
Wycofany Status egzemplarza Uszkodzony Dostępność Lokalizacja stała Lokalizacja bieżąca Miejsce przechowywania Sygnatura Kod kreskowy Typ dokumentu
      Dostępny Biblioteka Politechniki Koszalińskiej Biblioteka Politechniki Koszalińskiej Wypożyczalnia Językowa S 2608 02438290 Książka
© 2023 Biblioteka Politechniki Koszalińskiej :: KOHA